| 000 | 00443nam a2200169Ia 4500 | ||
|---|---|---|---|
| 008 | 230917s9999||||xx |||||||||||||| ||und|| | ||
| 020 | _cRS200 | ||
| 040 |
_e230677 _aMAIN |
||
| 041 | _aEnglish | ||
| 082 | _a294.595 G516G | ||
| 100 | _aX | ||
| 245 | 0 | _aGlossary of Tantra, Mantra and Yantra | |
| 260 |
_aNew Delhi _bIndian Book Centre _c1995 |
||
| 300 | _a105 p. | ||
| 500 | _a2263 01/02/2016 KB15/296 17/02/2016 Main Budget | ||
| 942 | _cBK | ||
| 999 |
_c17748 _d17748 |
||